| 000 | 00444nam a2200145 i 4500 | ||
|---|---|---|---|
| 001 | 65807 | ||
| 003 | ES-MaACL | ||
| 007 | t| | ||
| 008 | 040121s1947 sp ||||1| spa d | ||
| 100 | 1 |
_aFuentes Irurozqui, Manuel. _952929 |
|
| 245 | 1 | 3 |
_aEl campo español y la economía nacional / _cManuel Fuentes Irurozqui. |
| 260 |
_aMadrid : _b[s.n., _c1947] ( _fDiana Artes Gráficas) |
||
| 300 |
_a196 p. ; _c30 cm. |
||
| 852 |
_aES-MaACL _jB-786 _bR.27085 |
||
| 999 |
_c65807 _d65807 |
||